La Presencia novohispana en el pacífico insular : (Record no. 61942)
[ view plain ]
| 000 -LEADER | |
|---|---|
| fixed length control field | 00965cam a2200205 4500 |
| 005 - DATE AND TIME OF LATEST TRANSACTION | |
| control field | 20161114132359.0 |
| 008 - FIXED-LENGTH DATA ELEMENTS--GENERAL INFORMATION | |
| fixed length control field | 161114b mx ||||| |||| 00| 0 spa d |
| 020 ## - INTERNATIONAL STANDARD BOOK NUMBER | |
| International Standard Book Number | 9688590460 |
| 050 04 - LIBRARY OF CONGRESS CALL NUMBER | |
| Classification number | DS33 .4 .M6 |
| Item number | P74 1990 |
| 245 03 - TITLE STATEMENT | |
| Title | La Presencia novohispana en el pacífico insular : |
| Remainder of title | actas de las Primeras Jornadas Internacionales celebradas en la ciudad de México, del 19 al 21 de septiembre de 1989 / |
| Statement of responsibility, etc | Ma. Cristina Barrón ; Rafael Rodríguez-Ponga, coordinadores. |
| 250 ## - EDITION STATEMENT | |
| Edition statement | 1a ed. |
| 260 ## - PUBLICATION, DISTRIBUTION, ETC. (IMPRINT) | |
| Place of publication, distribution, etc | México : |
| Name of publisher, distributor, etc | Universidad Iberoamericana, |
| -- | Embajada de España en México, |
| -- | Comisión Puebla V Centenario, |
| -- | Pinacoteca Virreinal, |
| Date of publication, distribution, etc | 1990 |
| 300 ## - PHYSICAL DESCRIPTION | |
| Extent | 162 p. : |
| Other physical details | il. ; |
| Dimensions | 21 cm. |
| 504 ## - BIBLIOGRAPHY, ETC. NOTE | |
| Bibliography, etc | Incluye bibliografía |
| 650 #7 - SUBJECT ADDED ENTRY--TOPICAL TERM | |
| Source of heading or term | LEMB |
| Topical term or geographic name as entry element | Mexicanos en Asia |
| General subdivision | Congresos |
| 651 #7 - SUBJECT ADDED ENTRY--GEOGRAPHIC NAME | |
| Source of heading or term | LEMB |
| Geographic name | Asia |
| General subdivision | Relaciones |
| Geographic subdivision | México |
| Form subdivision | Congresos |
| 651 #7 - SUBJECT ADDED ENTRY--GEOGRAPHIC NAME | |
| Source of heading or term | LEMB |
| Geographic name | México |
| General subdivision | Relaciones |
| Geographic subdivision | México |
| Form subdivision | Congresos |
| 710 2# - ADDED ENTRY--CORPORATE NAME | |
| Corporate name or jurisdiction name as entry element | Jornadas Internacionales (2° : 1990 : Mexico) |
| 942 ## - ADDED ENTRY ELEMENTS (KOHA) | |
| Source of classification or shelving scheme | Biblioteca del Cogreso de los Estados Unidos |
| Koha item type | Libro |
| Estado de pérdida | Fuente de clasificación | Estado del daño | No para préstamo | Ubicación permanente | Ubicación actual | Apartado o colección | Fecha de adquisición | Fuente de adquisición | Edición | Dependencia de educación superior (DES) | Área del conocimiento | Clasificación | Código de Barras | Date last seen | Número de copia | Tipo de recurso | Nota pública |
|---|---|---|---|---|---|---|---|---|---|---|---|---|---|---|---|---|---|
| Biblioteca del Cogreso de los Estados Unidos | Biblioteca del Instituto de Investigaciones Históricas | Biblioteca del Instituto de Investigaciones Históricas | General | 14/11/2016 | Proyecto de Investigación | 1a ed. | Humanidades | Educación y Humanidades | DS33 .4 .M6 P74 1990 | IIH000016803 | 14/11/2016 | C: 1 | Libro | GENERAL |